LIBRARY & INFORMATION CENTRE, KCAET, TAVANUR

ONLINE PUBLIC ACCESS CATALOGUE (OPAC)

Dynamics of school -Community relationships / (Record no. 11769)

MARC details
000 -LEADER
fixed length control field 00448cam a2200169ua 4500
041 ## - LANGUAGE CODE
Language code of text/sound track or separate title eng
082 ## - DEWEY DECIMAL CLASSIFICATION NUMBER
Classification number 370.194
Item number CAM/Dy
100 ## - MAIN ENTRY--AUTHOR NAME
Personal name Campell, Roald F .
245 00 - TITLE STATEMENT
Title Dynamics of school -Community relationships /
260 ## - PUBLICATION, DISTRIBUTION, ETC. (IMPRINT)
Place of publication :
Name of publisher Allan and bacon boston ,
Year of publication 1958.
300 ## - PHYSICAL DESCRIPTION
Number of Pages 205 ; .
700 1# - ADDED ENTRY--PERSONAL NAME
Personal name Camobell, Roald .
700 1# - ADDED ENTRY--PERSONAL NAME
Personal name Campell, Roald .
942 ## - ADDED ENTRY ELEMENTS (KOHA)
Koha item type Books
Holdings
Withdrawn status Lost status Damaged status Home library Current library Date acquired Full call number Accession Number Koha item type
Withdrawn     KAUAET Sanskrit University 07/04/2012 370.194 670 Books
free website counter